[Event "Langenfeld 2- Horst Emscher"]
[Site "?"]
[Date "2023.05.07"]
[Round "8.6"]
[White "Hess, Christian"]
[Black "Buschmann, Andreas"]
[Result "1/2-1/2"]
[WhiteElo "2147"]
[BlackElo "2096"]
[PlyCount "74"]
[SourceVersionDate "2023.06.22"]

1. e4 c5 2. Nf3 d6 3. d4 cxd4 4. Nxd4 Nf6 5. Nc3 a6 6. Be2 e6 7. Be3 Qc7 8. f4
b5 9. a3 Bb7 10. Bf3 Nbd7 11. Qe2 Be7 12. g4 Nc5 13. Bd2 g6 14. g5 Nfd7 15.
O-O-O e5 16. Nb3 Nxb3+ 17. cxb3 Nc5 18. Kc2 Ne6 19. Be3 exf4 20. Bd4 Nxd4+ 21.
Rxd4 Bxg5 22. e5 dxe5 23. Bxb7 O-O 24. Rd5 Qxb7 25. Qxe5 Bh6 26. Rhd1 Rac8 27.
R1d3 b4 28. axb4 Qxb4 29. R3d4 Qb7 30. Rd3 Qc7 31. Qf6 Qc6 32. Qh4 Bg7 33. Qxf4
Qe6 34. Qd2 Rb8 35. Na4 h5 36. Nc5 Qc6 37. Kb1 Rb5 1/2-1/2

[Event "Langenfeld 2- Horst Emscher"]
[Site "?"]
[Date "2023.05.07"]
[Round "8.7"]
[White "Arndt, Olaf"]
[Black "Hess, Dennis"]
[Result "0-1"]
[WhiteElo "1893"]
[BlackElo "1982"]
[PlyCount "148"]
[SourceVersionDate "2023.06.22"]

1. e4 d5 2. exd5 Qxd5 3. Nc3 Qa5 4. d4 Nf6 5. Nf3 Bf5 6. Bd3 Bg4 7. h3 Bh5 8.
O-O c6 9. Re1 e6 10. Ne4 Nxe4 11. Bxe4 Nd7 12. c3 Nf6 13. b4 Qc7 14. Bc2 Nd5
15. Qd3 Bg6 16. Qd2 a5 17. Bb3 axb4 18. c4 Nc3 19. Ne5 Bd6 20. Nxg6 hxg6 21.
Qg5 Ra5 22. d5 O-O 23. Qg4 cxd5 24. Bb2 dxc4 25. Qxc4 Qxc4 26. Bxc4 Rc5 27. Bb3
Nb5 28. Rad1 Rd8 29. Kf1 Nc3 30. Rd4 Rcc8 31. Rd3 Be7 32. Rf3 Bf6 33. a3 bxa3
34. Bxa3 Nb5 35. Bb4 Nd4 36. Rg3 Nxb3 37. Rxb3 b6 38. Ree3 Bd4 39. Rf3 Rc1+ 40.
Ke2 Rc2+ 41. Ke1 Rc1+ 42. Ke2 Rdc8 43. Bd2 Rg1 44. g3 Rh1 45. h4 Ra1 46. Be3
Ra2+ 47. Kd3 Bc5 48. Rf4 Rd8+ 49. Ke4 Ra4+ 50. Kf3 Rxf4+ 51. Bxf4 Rd7 52. Be3
Bxe3 53. Kxe3 Rd6 54. Rb2 Kh7 55. Ra2 Rd5 56. Ra7 f6 57. Rb7 b5 58. Rb6 e5 59.
Rb8 f5 60. Rb6 e4 61. Ke2 Rc5 62. Rb8 Rc2+ 63. Ke3 Rb2 64. Rb6 Rb3+ 65. Ke2 Kh6
66. Rb7 b4 67. Rb8 g5 68. Rh8+ Kg6 69. h5+ Kf7 70. Rb8 f4 71. Rb7+ Kf6 72. gxf4
gxf4 73. Rb5 Rb2+ 74. Ke1 b3 0-1

[Event "Langenfeld 2- Horst Emscher"]
[Site "?"]
[Date "2023.05.07"]
[Round "8.8"]
[White "Hendrichs, Udo"]
[Black "Goeldenboog, Juergen"]
[Result "1/2-1/2"]
[WhiteElo "1995"]
[BlackElo "1986"]
[PlyCount "60"]
[SourceVersionDate "2023.06.22"]

1. d4 d5 2. Nf3 Nf6 3. e3 g6 4. Bd3 Bf5 5. Bxf5 gxf5 6. Nbd2 e6 7. Qe2 c6 8.
Ne5 Nbd7 9. a3 Bd6 10. f4 Ne4 11. Nxe4 dxe4 12. Nc4 Nb6 13. Bd2 Nxc4 14. Qxc4
Rg8 15. g3 h5 16. O-O-O Qe7 17. Qb3 O-O-O 18. c4 h4 19. Be1 h3 20. Qa4 Kb8 21.
b4 Qc7 22. c5 Be7 23. Bc3 Rd5 24. Kc2 b5 25. cxb6 Qxb6 26. Bd2 Kb7 27. Rc1 Rgd8
28. Kd1 f6 29. Ke2 Qb5+ 30. Qxb5+ cxb5 1/2-1/2

[Event "Dinslaken- Münster 3"]
[Site "?"]
[Date "2023.05.07"]
[Round "8.1"]
[White "Korth, Daniel"]
[Black "Sielecki, Christof"]
[Result "1/2-1/2"]
[WhiteElo "2150"]
[BlackElo "2419"]
[PlyCount "60"]
[SourceVersionDate "2023.06.22"]

1. d4 d5 2. c4 e6 3. Nf3 Nf6 4. g3 dxc4 5. Bg2 c5 6. Qa4+ Bd7 7. Qxc4 b5 8. Qd3
c4 9. Qc2 Nc6 10. O-O Be7 11. e4 O-O 12. Qe2 Rc8 13. Rd1 Re8 14. Ne5 h6 15. Be3
a6 16. Nd2 Nxe5 17. dxe5 Nh7 18. f4 Qc7 19. Rac1 Red8 20. Qf2 Be8 21. Nf3 Rxd1+
22. Rxd1 Rd8 23. Rxd8 Qxd8 24. Nd4 Qc7 25. Qc2 Qa5 26. Qb1 c3 27. bxc3 Qxc3 28.
Qc1 Qxc1+ 29. Bxc1 Nf8 30. Nb3 Nd7 1/2-1/2

[Event "Dinslaken- Münster 3"]
[Site "?"]
[Date "2023.05.07"]
[Round "8.2"]
[White "Sonnenschein, Philipp"]
[Black "Molinaroli, Martin"]
[Result "1-0"]
[WhiteElo "2201"]
[BlackElo "2094"]
[PlyCount "67"]
[SourceVersionDate "2023.06.22"]

1. e4 c6 2. d4 d5 3. e5 Na6 4. Nd2 Nc7 5. Bd3 g6 6. h3 h5 7. Ndf3 Nh6 8. Ne2
Bf5 9. Ng3 Bxd3 10. Qxd3 Qd7 11. O-O O-O-O 12. Re1 e6 13. a4 Nf5 14. c3 Be7 15.
b4 Rdg8 16. Bg5 h4 17. Nf1 Rh5 18. Bxe7 Qxe7 19. N3h2 Nh6 20. Ne3 f5 21. exf6
Qxf6 22. Neg4 Nxg4 23. Nxg4 Qf8 24. b5 cxb5 25. axb5 Kb8 26. Ra2 Rg7 27. Rea1
Qd6 28. Rxa7 Qb6 29. R7a2 Rf5 30. Ne5 Kc8 31. c4 Kd8 32. Rb1 Rxe5 33. c5 Re1+
34. Kh2 1-0

[Event "Dinslaken- Münster 3"]
[Site "?"]
[Date "2023.05.07"]
[Round "8.3"]
[White "Baumann, Stephan"]
[Black "Welzel, Philipp"]
[Result "0-1"]
[WhiteElo "2056"]
[BlackElo "2160"]
[PlyCount "76"]
[SourceVersionDate "2023.06.22"]

1. e4 c5 2. Nc3 Nc6 3. Bb5 Nd4 4. Bc4 e6 5. Nge2 a6 6. d3 b5 7. Bb3 Nxb3 8.
axb3 Bb7 9. O-O d6 10. f4 Nf6 11. Ng3 b4 12. Nb1 Be7 13. Nd2 O-O 14. Nh5 g6 15.
Nxf6+ Bxf6 16. Qg4 Bg7 17. f5 exf5 18. exf5 Bc8 19. Ne4 Bxf5 20. Rxf5 gxf5 21.
Qxf5 Qc8 22. Qf3 Qe6 23. Bg5 f5 24. Ng3 Bxb2 25. Rf1 Bd4+ 26. Kh1 Rae8 27. h4
Kh8 28. Qh5 Qg6 29. Qf3 h6 30. Bf4 Qg4 31. Qxg4 fxg4 32. Kh2 d5 33. Nh5 Re2 34.
Kg3 Kh7 35. Kxg4 Rxg2+ 36. Ng3 Bf2 37. Bd6 Rxg3+ 38. Bxg3 Rg8+ 0-1

[Event "Dinslaken- Münster 3"]
[Site "?"]
[Date "2023.05.07"]
[Round "8.4"]
[White "Ossig, Rainer"]
[Black "Seegers, Hendrik"]
[Result "1/2-1/2"]
[WhiteElo "2187"]
[BlackElo "2115"]
[PlyCount "126"]
[SourceVersionDate "2023.06.22"]

1. Nf3 d5 2. g3 c5 3. Bg2 Nc6 4. d4 e6 5. O-O Nf6 6. c4 dxc4 7. dxc5 Qxd1 8.
Rxd1 Bxc5 9. Nbd2 Ke7 10. Nxc4 Rd8 11. Rxd8 Nxd8 12. Nfe5 Nd7 13. Nd3 f6 14.
Nxc5 Nxc5 15. b3 Rb8 16. Ba3 b6 17. Na5 Bd7 18. Rc1 Rc8 19. Kf1 e5 20. Nc4 Nde6
21. Ne3 Nd4 22. Nc2 Nb5 23. Bb2 a5 24. Ne3 Be6 25. Bd5 Rd8 26. Bxe6 Kxe6 27.
Nc4 Nd7 28. Rd1 Ke7 29. a4 Nd4 30. Bxd4 exd4 31. Rxd4 Nc5 32. Rxd8 Kxd8 33. Nd2
Kc7 34. Ke1 b5 35. axb5 Kb6 36. Kd1 Kxb5 37. Kc2 Kb4 38. g4 a4 39. bxa4 Kxa4
40. Kc3 Kb5 41. Kd4 Kc6 42. h4 Ne6+ 43. Ke4 Kd6 44. Nc4+ Ke7 45. Ne3 Kf7 46.
Nf5 Nc5+ 47. Kd5 Ne6 48. e3 Nc7+ 49. Kc6 Na6 50. Kd6 Nb4 51. f3 Nd3 52. f4 h6
53. Kd5 Nf2 54. Nd6+ Ke7 55. g5 hxg5 56. fxg5 fxg5 57. hxg5 Nh3 58. Ne4 Kf7 59.
Ke5 Kg6 60. Ke6 Ng1 61. Ke5 Nh3 62. Ke6 Ng1 63. Ke5 Nh3 1/2-1/2

[Event "Dinslaken- Münster 3"]
[Site "?"]
[Date "2023.05.07"]
[Round "8.5"]
[White "Kaufhold, Thomas"]
[Black "Graeber, Ralf"]
[Result "0-1"]
[WhiteElo "2049"]
[BlackElo "2180"]
[PlyCount "50"]
[SourceVersionDate "2023.06.22"]

1. d4 Nf6 2. c4 c5 3. d5 b5 4. Nd2 Bb7 5. e4 bxc4 6. Ne2 e6 7. Nc3 exd5 8. exd5
Nxd5 9. Nxd5 Bxd5 10. Nxc4 Be6 11. Qf3 Nc6 12. Bf4 d5 13. Nd2 Nd4 14. Qc3 Bd6
15. Bxd6 Qxd6 16. Nb3 O-O 17. Nxd4 cxd4 18. Qxd4 Bf5 19. f3 Rac8 20. Bd3 Rfe8+
21. Kd1 Qg6 22. Bxf5 Qxg2 23. Re1 Rxe1+ 24. Kxe1 Re8+ 25. Be4 Qxf3 0-1

[Event "Dinslaken- Münster 3"]
[Site "?"]
[Date "2023.05.07"]
[Round "8.6"]
[White "Kleff, Andre"]
[Black "Meyer, Ulrich"]
[Result "1/2-1/2"]
[WhiteElo "2124"]
[BlackElo "1851"]
[PlyCount "68"]
[SourceVersionDate "2023.06.22"]

1. d4 d5 2. Nf3 Nf6 3. e3 Bg4 4. c4 e6 5. Qb3 Qc8 6. Ne5 Bf5 7. cxd5 exd5 8.
Nc3 c6 9. Bd2 Be7 10. Rc1 Nbd7 11. f4 Qb8 12. Be2 O-O 13. O-O Rd8 14. Be1 Ne4
15. Bf3 Nxc3 16. Rxc3 Nf6 17. Bh4 Re8 18. Bxf6 Bxf6 19. g4 Be6 20. Qc2 Bd8 21.
g5 f6 22. gxf6 gxf6 23. Ng4 Kh8 24. f5 Bg8 25. Qf2 Qd6 26. Qh4 Re7 27. Kh1 Rg7
28. Rc2 Rc8 29. Rg2 Rcc7 30. Rfg1 Qf8 31. Qh6 Be7 32. Qh3 Bd8 33. Qh6 Be7 34.
Qh3 Bd8 1/2-1/2

[Event "Dinslaken- Münster 3"]
[Site "?"]
[Date "2023.05.07"]
[Round "8.7"]
[White "Ollech, Dirk"]
[Black "Brockhaus, Philip"]
[Result "1/2-1/2"]
[WhiteElo "1921"]
[BlackElo "1965"]
[PlyCount "57"]
[SourceVersionDate "2023.06.22"]

1. e4 c6 2. Nf3 d5 3. exd5 cxd5 4. Ne5 Nc6 5. Bb5 Qc7 6. d4 e6 7. O-O Bd6 8.
Re1 Nf6 9. Nc3 O-O 10. Nf3 h6 11. h3 a6 12. Bf1 b5 13. a3 Bd7 14. Be3 Na5 15.
Ne5 Nc4 16. Bxc4 dxc4 17. Qf3 Bxe5 18. dxe5 Qxe5 19. Bxh6 Qh5 20. Qxh5 Nxh5 21.
Bg5 Bc6 22. Rad1 Nf6 23. Bxf6 gxf6 24. Rd4 Rfd8 25. Red1 Rxd4 26. Rxd4 Kf8 27.
f3 Ke7 28. Kf2 f5 29. Ne2 1/2-1/2

[Event "Dinslaken- Münster 3"]
[Site "?"]
[Date "2023.05.07"]
[Round "8.8"]
[White "Riekenbrauk, Joerg"]
[Black "Waterfield, Mark"]
[Result "1/2-1/2"]
[WhiteElo "1917"]
[BlackElo "1745"]
[PlyCount "49"]
[SourceVersionDate "2023.06.22"]

1. e4 e6 2. d4 d5 3. Nd2 Nf6 4. e5 Nfd7 5. c3 c5 6. f4 Nc6 7. Ndf3 Be7 8. Bd3
g6 9. Ne2 b6 10. O-O h5 11. Qc2 Rg8 12. a3 Bb7 13. b3 Qc7 14. Be3 O-O-O 15. c4
Nxd4 16. Nexd4 cxd4 17. Nxd4 Bc5 18. b4 Bxd4 19. Bxd4 dxc4 20. Qxc4 Qxc4 21.
Bxc4 Nb8 22. Be3 Nc6 23. Rac1 Kb8 24. Rfd1 Ne7 25. g3 1/2-1/2

[Event "Borbeck- Duisburg"]
[Site "?"]
[Date "2023.05.07"]
[Round "8.1"]
[White "Heisel, Guido"]
[Black "Loyen, Egbert"]
[Result "1/2-1/2"]
[WhiteElo "2119"]
[BlackElo "2181"]
[PlyCount "46"]
[SourceVersionDate "2023.06.22"]

1. d4 d5 2. Bf4 c5 3. e3 Nc6 4. Nc3 c4 5. Be2 Nf6 6. Nf3 Bf5 7. O-O e6 8. b3
Qa5 9. Nb1 cxb3 10. cxb3 h6 11. Ne5 Nxe5 12. Bxe5 Nd7 13. Bg3 Rc8 14. Bd3 Bxd3
15. Qxd3 Bb4 16. a3 O-O 17. Ra2 Rc6 18. Re2 Bd6 19. Bxd6 Rxd6 20. Rc2 Rc6 21.
Rxc6 bxc6 22. Qc2 Rc8 23. Rc1 Qa6 1/2-1/2

[Event "Borbeck- Duisburg"]
[Site "?"]
[Date "2023.05.07"]
[Round "8.2"]
[White "Korste, Sebastian"]
[Black "Hehlke, Oliver"]
[Result "1/2-1/2"]
[WhiteElo "2002"]
[BlackElo "1951"]
[PlyCount "49"]
[SourceVersionDate "2023.06.22"]

1. d4 Nf6 2. c4 e6 3. Nc3 Bb4 4. e3 O-O 5. Nge2 c5 6. a3 Bxc3+ 7. Nxc3 cxd4 8.
exd4 d5 9. c5 a5 10. Be2 b6 11. Bg5 bxc5 12. dxc5 h6 13. Bh4 Nc6 14. O-O Ba6
15. Qa4 Bxe2 16. Nxe2 Ne5 17. Rfd1 Nc4 18. Qc2 a4 19. Nc3 Qe7 20. Nxa4 Rxa4 21.
Qxa4 Nxb2 22. Qb4 Nxd1 23. Rxd1 Rc8 24. Bxf6 Qxf6 25. h3 1/2-1/2

[Event "Borbeck- Duisburg"]
[Site "?"]
[Date "2023.05.07"]
[Round "8.3"]
[White "Sirringhaus, Wilfried"]
[Black "Dewenter, Ulf"]
[Result "1-0"]
[WhiteElo "2127"]
[BlackElo "2104"]
[PlyCount "75"]
[SourceVersionDate "2023.06.22"]

1. e4 e6 2. d4 d5 3. Nc3 Nc6 4. e5 f6 5. Nf3 Bd7 6. Bd3 Qe7 7. O-O O-O-O 8. Re1
Qf7 9. a3 Nge7 10. exf6 gxf6 11. Bf4 Nb8 12. Nb5 Bxb5 13. Bxb5 Ng6 14. Bg3 Bd6
15. Qe2 Bxg3 16. hxg3 c6 17. Bd3 Rhe8 18. c4 Nd7 19. Qc2 Kb8 20. Rac1 dxc4 21.
Bxc4 Nb6 22. Bd3 f5 23. Qb3 Qd7 24. a4 h5 25. a5 Nd5 26. Rc5 h4 27. gxh4 Rh8
28. g3 Rdg8 29. Kf1 f4 30. a6 fxg3 31. Bxg6 g2+ 32. Kg1 Nb6 33. Qxe6 Qc7 34.
axb7 Rf8 35. Ne5 Rxh4 36. Rxc6 Qd8 37. Rc8+ Nxc8 38. Nc6+ 1-0

[Event "Borbeck- Duisburg"]
[Site "?"]
[Date "2023.05.07"]
[Round "8.4"]
[White "Klasmeier, Jens"]
[Black "Große- Frintrop, Gerd"]
[Result "1/2-1/2"]
[WhiteElo "2112"]
[BlackElo "2066"]
[PlyCount "40"]
[SourceVersionDate "2023.06.22"]

1. e4 e6 2. d4 d5 3. Nc3 Nf6 4. Bg5 dxe4 5. Nxe4 Nbd7 6. Nf3 Be7 7. Nxf6+ Bxf6
8. Bxf6 Qxf6 9. Bd3 c5 10. dxc5 Nxc5 11. Bb5+ Bd7 12. Bxd7+ Nxd7 13. c3 Nb6 14.
Qb3 O-O 15. O-O Qf4 16. Rad1 Rfd8 17. Rxd8+ Rxd8 18. Rd1 Rxd1+ 19. Qxd1 h6 20.
g3 Qc4 1/2-1/2

[Event "Borbeck- Duisburg"]
[Site "?"]
[Date "2023.05.07"]
[Round "8.5"]
[White "Brueggemann, Josef"]
[Black "Poetter, Clemens"]
[Result "1/2-1/2"]
[WhiteElo "2015"]
[BlackElo "2061"]
[PlyCount "108"]
[SourceVersionDate "2023.06.22"]

1. e4 c6 2. d3 d5 3. Nd2 g6 4. g3 Bg7 5. Bg2 e5 6. Ngf3 Ne7 7. O-O O-O 8. Re1
Nd7 9. c3 a5 10. Qc2 h6 11. d4 exd4 12. cxd4 dxe4 13. Nxe4 Nf5 14. Bf4 Nf6 15.
Nxf6+ Bxf6 16. Rad1 Be6 17. g4 Ng7 18. h3 h5 19. gxh5 Nxh5 20. Be5 Re8 21. b3
Bd5 22. Qd2 Kg7 23. Ng5 Bxg2 24. Kxg2 Qd5+ 25. Nf3 Re6 26. Qg5 Rae8 27. Qg4 b5
28. Qe4 Qxe4 29. Rxe4 Bxe5 30. dxe5 Kf8 31. Rde1 c5 32. Ng5 R6e7 33. Kf3 Kg7
34. h4 Rc8 35. Rc1 Rc6 36. a4 bxa4 37. bxa4 f6 38. exf6+ Rxf6+ 39. Ke3 Rxe4+
40. Nxe4 Rf4 41. Rxc5 Rxh4 42. Rxa5 Nf4 43. Ra7+ Kh6 44. Rf7 Ne6 45. Re7 Nf4
46. Re8 Kg7 47. a5 Nd5+ 48. Kd3 Kf7 49. Rb8 Rh1 50. a6 Ra1 51. Rb7+ Ke6 52. a7
Ra3+ 53. Kc4 Ra5 54. Rb5 Ra4+ 1/2-1/2

[Event "Borbeck- Duisburg"]
[Site "?"]
[Date "2023.05.07"]
[Round "8.7"]
[White "Usdenski, Andreas"]
[Black "Klasmeier, Hartmut"]
[Result "1-0"]
[WhiteElo "1712"]
[BlackElo "2009"]
[PlyCount "77"]
[SourceVersionDate "2023.06.22"]

1. d4 e6 2. Nf3 Nf6 3. e3 d5 4. Nbd2 b6 5. c3 Bb7 6. Bd3 Bd6 7. O-O O-O 8. Ne5
Ne4 9. f3 Nxd2 10. Bxd2 Bxe5 11. dxe5 Nd7 12. f4 f5 13. Be1 c5 14. Qh5 c4 15.
Bc2 b5 16. Rf3 Qe8 17. Qh4 Qd8 18. Qh5 Qe7 19. Rh3 g6 20. Bh4 Qg7 21. Qe2 Rf7
22. Bg5 Qf8 23. Qd2 Qc8 24. Rh6 a5 25. Kf2 Qc5 26. Qd4 Bc6 27. h4 Qxd4 28. exd4
b4 29. h5 Kg7 30. hxg6 hxg6 31. Rah1 Nf8 32. Bf6+ Rxf6 33. exf6+ Kxf6 34. Rb1
Rb8 35. Rh3 a4 36. b3 axb3 37. axb3 Ra8 38. Rb2 Ra1 39. cxb4 1-0

[Event "Borbeck- Duisburg"]
[Site "?"]
[Date "2023.05.07"]
[Round "8.8"]
[White "Strauß, Dirk"]
[Black "Vortmeier, Jan"]
[Result "1/2-1/2"]
[WhiteElo "1946"]
[BlackElo "1823"]
[PlyCount "63"]
[SourceVersionDate "2023.06.22"]

1. d4 Nf6 2. c4 g6 3. g3 Bg7 4. Bg2 O-O 5. Nc3 d6 6. Nf3 c5 7. O-O Nc6 8. d5
Na5 9. Nd2 e6 10. h3 exd5 11. cxd5 a6 12. a4 Re8 13. e4 Rb8 14. Rb1 Nd7 15. Qc2
c4 16. b4 cxb3 17. Nxb3 Nxb3 18. Rxb3 Nc5 19. Rb1 Bd7 20. Bf4 Qc7 21. Rfc1 f5
22. f3 Be5 23. Bxe5 Rxe5 24. Rb4 Qa5 25. Rcb1 fxe4 26. Nxe4 Nxe4 27. fxe4 Rc8
28. Qf2 b5 29. Rf1 Qxb4 30. Qf7+ Kh8 31. Qf6+ Kg8 32. Qf7+ 1/2-1/2

[Event "Porta Westfalica- Bielefeld 2"]
[Site "?"]
[Date "2023.05.07"]
[Round "8.1"]
[White "Pollmueller, Michael"]
[Black "Traetmar, Mattis"]
[Result "0-1"]
[WhiteElo "2142"]
[BlackElo "2007"]
[PlyCount "58"]
[SourceVersionDate "2023.06.22"]

1. d4 d5 2. c4 c6 3. Nf3 Nf6 4. Nc3 g6 5. g3 Bg7 6. Bg2 O-O 7. O-O Ne4 8. Qb3
a5 9. Rd1 a4 10. Nxa4 dxc4 11. Qxc4 b5 12. Qc2 Bf5 13. Nc5 Nxf2 14. e4 Nxd1 15.
Qxd1 Bg4 16. Be3 Nd7 17. Nb3 Nb6 18. Qc2 Nc4 19. Bf2 Bh6 20. Qc3 Qc8 21. Nc5 f5
22. Re1 f4 23. Qb3 Kh8 24. gxf4 Bxf4 25. d5 Bxf3 26. Ne6 Bxg2 27. Kxg2 Rf7 28.
Bd4+ Kg8 29. Rf1 Nd2 0-1

[Event "Porta Westfalica- Bielefeld 2"]
[Site "?"]
[Date "2023.05.07"]
[Round "8.2"]
[White "Kirnos, Evgeni"]
[Black "Winkler, Yonathan"]
[Result "1-0"]
[WhiteElo "2222"]
[BlackElo "2007"]
[PlyCount "85"]
[SourceVersionDate "2023.06.22"]

1. e4 c5 2. Nf3 a6 3. d3 Nc6 4. g3 g6 5. Bg2 Bg7 6. O-O e6 7. Nbd2 Nge7 8. c3
d5 9. Re1 h5 10. Nf1 O-O 11. e5 d4 12. c4 b5 13. b3 Bb7 14. h3 Nc8 15. Bg5 Qc7
16. Bf4 Qe7 17. Qe2 Nb6 18. N1d2 Nd7 19. Bg5 Qe8 20. Ne4 Ncxe5 21. Nxe5 Bxe4
22. Nxd7 Bxg2 23. Nxf8 Bxh3 24. f3 e5 25. Kh2 Bc8 26. Nxg6 fxg6 27. Qe4 Ra7 28.
Qd5+ Kh7 29. f4 Qf8 30. Rf1 Qf5 31. Qg2 Bb7 32. Qh3 Qxd3 33. fxe5 Bf3 34. Rae1
Bg4 35. Qg2 Be6 36. Rf3 Qxf3 37. Qxf3 bxc4 38. bxc4 Rf7 39. Bf6 Bh6 40. Qa8 Rf8
41. Qa7+ Kg8 42. Qxc5 Rb8 43. Qxd4 1-0

[Event "Porta Westfalica- Bielefeld 2"]
[Site "?"]
[Date "2023.05.07"]
[Round "8.3"]
[White "Schnitker, Rainer"]
[Black "Friesen, Viktor"]
[Result "1/2-1/2"]
[WhiteElo "1989"]
[BlackElo "2160"]
[PlyCount "30"]
[SourceVersionDate "2023.06.22"]

1. Nf3 d5 2. g3 Nf6 3. Bg2 Bg4 4. b3 Bxf3 5. Bxf3 e5 6. d3 Bb4+ 7. c3 Bd6 8.
O-O O-O 9. e4 c6 10. Qe2 Nbd7 11. Rd1 Qe7 12. Nd2 Ba3 13. Nf1 Bxc1 14. Raxc1
dxe4 15. dxe4 Rfd8 1/2-1/2

[Event "Porta Westfalica- Bielefeld 2"]
[Site "?"]
[Date "2023.05.07"]
[Round "8.4"]
[White "Ringe, Christian"]
[Black "Nagel, Jens"]
[Result "1/2-1/2"]
[WhiteElo "1851"]
[BlackElo "1941"]
[PlyCount "44"]
[SourceVersionDate "2023.06.22"]

1. Nf3 g6 2. d4 Bg7 3. e4 d6 4. c3 Nf6 5. Bd3 O-O 6. Bf4 Bg4 7. h3 Bxf3 8. Qxf3
Nc6 9. O-O e5 10. dxe5 Nxe5 11. Bxe5 dxe5 12. Na3 Qe7 13. Rad1 Rad8 14. Bc2 a6
15. Rxd8 Rxd8 16. Rd1 Nh5 17. Rxd8+ Qxd8 18. g3 b5 19. Nb1 Bf8 20. Bb3 Qd7 21.
Kg2 Bc5 22. Qd1 Qxd1 1/2-1/2

[Event "Hemer- Werther"]
[Site "?"]
[Date "2023.05.07"]
[Round "8.1"]
[White "Freiberger, Jonas"]
[Black "Runte, Moritz"]
[Result "1/2-1/2"]
[WhiteElo "2192"]
[BlackElo "2176"]
[PlyCount "108"]
[SourceVersionDate "2023.06.22"]

1. b4 e5 2. a3 a5 3. Bb2 axb4 4. Bxe5 Nf6 5. Nf3 d5 6. e3 Bf5 7. Nd4 Nc6 8.
Nxc6 bxc6 9. axb4 Rxa1 10. Bxa1 Bxb4 11. Bd3 Bxd3 12. cxd3 O-O 13. O-O Qd6 14.
f4 Nd7 15. Nc3 Ra8 16. Qc2 Qc5 17. Qb1 f6 18. Bb2 Nb6 19. Qd1 Qe7 20. Ne2 c5
21. Ng3 Qd7 22. f5 Ra2 23. Bc1 Qa4 24. Qe1 c4 25. Nh5 Qe8 26. Qe2 Qe7 27. dxc4
Nxc4 28. Qf3 c6 29. d3 Ne5 30. Qd1 Qa7 31. d4 Nc4 32. Qg4 Qe7 33. e4 Bd2 34. e5
Kf8 35. Bxd2 Nxd2 36. Re1 Ne4 37. Rb1 Ra8 38. Nf4 fxe5 39. Ne6+ Kg8 40. h4 exd4
41. Qf4 d3 42. Rb8+ Rxb8 43. Qxb8+ Kf7 44. Qe5 d2 45. Qxg7+ Ke8 46. Qh8+ Kd7
47. Qd4 Kd6 48. Qb4+ c5 49. Qb8+ Kc6 50. Qa8+ Kb5 51. Qxd5 Qd6 52. Nd4+ Ka6 53.
Qa2+ Kb7 54. Qf7+ Ka6 1/2-1/2

[Event "Hemer- Werther"]
[Site "?"]
[Date "2023.05.07"]
[Round "8.2"]
[White "Schmuecker, Marcus"]
[Black "Suchland, Marko"]
[Result "1-0"]
[WhiteElo "2185"]
[BlackElo "2173"]
[PlyCount "99"]
[SourceVersionDate "2023.06.22"]

1. d4 d5 2. Nf3 Nf6 3. Bf4 e6 4. e3 Bd6 5. Nbd2 O-O 6. c3 c5 7. Bd3 Qc7 8. Bxd6
Qxd6 9. Ne5 b6 10. f4 Ba6 11. Bc2 Nc6 12. g4 Ne7 13. Qf3 cxd4 14. exd4 Bb7 15.
O-O b5 16. g5 Ne4 17. Nxe4 dxe4 18. Bxe4 Bxe4 19. Qxe4 Rfd8 20. Rad1 Qa6 21. a3
Qb6 22. Kh1 a5 23. Rd3 b4 24. axb4 axb4 25. c4 b3 26. Rfd1 Ra2 27. d5 exd5 28.
cxd5 Ng6 29. Nc6 Rda8 30. R3d2 R2a4 31. Rd4 Rxd4 32. Qxd4 Qc7 33. f5 Nf8 34.
Qe5 Qxe5 35. Nxe5 Re8 36. Nf3 Re2 37. Rd2 Re3 38. Kg2 Nd7 39. Kf2 Re4 40. Rd4
Rxd4 41. Nxd4 Nc5 42. Ke3 Na4 43. Nxb3 Nxb2 44. Kd4 Kf8 45. d6 Ke8 46. Nc5 Nd1
47. Kd5 Ne3+ 48. Kc6 Nxf5 49. d7+ Ke7 50. Kc7 1-0

[Event "Hemer- Werther"]
[Site "?"]
[Date "2023.05.07"]
[Round "8.3"]
[White "Goecke, Ulrich"]
[Black "Leonard, Timo"]
[Result "1/2-1/2"]
[WhiteElo "2131"]
[BlackElo "2221"]
[Annotator "daniel"]
[PlyCount "95"]
[SourceVersionDate "2023.06.22"]

1. d4 d5 2. Nf3 Nf6 3. g3 Bf5 4. Bg2 h6 5. c4 c6 6. Nc3 e6 7. Qb3 Qb6 8. c5
Qxb3 9. axb3 Be7 10. b4 Ne4 11. Nd2 Nxd2 12. Bxd2 Bf6 13. e4 dxe4 14. Be3 O-O
15. O-O Rd8 16. Rfd1 Bg4 17. Rd2 Bf3 18. Nxe4 Bxg2 19. Kxg2 Be7 20. Bf4 Na6 21.
Ra4 Rd7 22. Bd6 Nc7 23. Bxe7 Rxe7 24. Nd6 Nb5 25. Nxb5 cxb5 26. Ra3 Rd7 27. Kf3
Kf8 28. Ke4 Rd5 29. h4 $11 Ke7 30. Ke3 Kd7 31. Ra1 Kc6 32. f4 f6 33. Kd3 Rad8
34. Kc3 e5 35. fxe5 fxe5 36. Rad1 Re8 37. dxe5 Rexe5 38. Rxd5 Rxd5 39. Rf1 Rd7
40. Rf4 b6 41. cxb6 Kxb6 42. Rg4 Kc6 43. h5 Kc7 44. Rg6 Kb7 45. Kc2 Kc7 46. Kc3
Kb7 47. Kc2 Kc7 48. Kc3 1/2-1/2

[Event "Hemer- Werther"]
[Site "?"]
[Date "2023.05.07"]
[Round "8.4"]
[White "Stoering, Marc"]
[Black "Ortpaul, Mario"]
[Result "1/2-1/2"]
[WhiteElo "1932"]
[BlackElo "1914"]
[Annotator "daniel"]
[PlyCount "124"]
[SourceVersionDate "2023.06.22"]

1. c4 Nf6 2. Nf3 c5 3. g3 Nc6 4. Bg2 g6 5. O-O Bg7 6. Nc3 O-O 7. Rb1 d6 8. d3
a6 9. a3 Bd7 10. h3 Qc7 11. b4 cxb4 12. axb4 Rac8 13. b5 axb5 14. Nxb5 Qd8 15.
Bd2 Ne8 16. Bc3 Nc7 17. Bxg7 Kxg7 18. Nxc7 Qxc7 $11 19. Qb3 Rb8 20. Rb2 Nd8 21.
Nd4 Ne6 22. Nxe6+ Bxe6 23. Rfb1 Kg8 24. Qb6 Qd7 25. Kh2 Rfd8 26. Qa7 b6 27.
Qxd7 Rxd7 28. Rxb6 Rxb6 29. Rxb6 Rc7 30. Rb7 Rxb7 31. Bxb7 Bd7 32. d4 Kf8 33.
c5 dxc5 34. dxc5 Ke8 35. Bd5 e6 36. Be4 Kd8 37. g4 Kc7 38. Kg3 f5 39. gxf5 exf5
40. Bd5 g5 41. f4 h6 42. h4 g4 43. e4 fxe4 44. Bxe4 h5 45. Bg6 Kc6 46. Bxh5
Kxc5 47. Bxg4 Be8 48. h5 Kd6 49. Kh4 Ke7 50. Kg5 Kf7 51. Bf5 Kg7 52. Be6 Kh7
53. Bf5+ Kh8 54. Bg6 Bd7 55. Kf6 Bg4 56. Kg5 Bd7 57. Bf5 Bc6 58. h6 Bd5 59. Kf6
Bf3 60. Ke5 Bh5 61. Be6 Bg6 62. Kf6 Be4 1/2-1/2

[Event "Hemer- Werther"]
[Site "?"]
[Date "2023.05.07"]
[Round "8.5"]
[White "Hufendiek, Ekkehard"]
[Black "Trinh, Fabian"]
[Result "1-0"]
[WhiteElo "1903"]
[BlackElo "1862"]
[PlyCount "67"]
[SourceVersionDate "2023.06.22"]

1. e4 e5 2. Nf3 Nc6 3. Bc4 Bc5 4. c3 Nf6 5. d4 exd4 6. cxd4 Bb4+ 7. Nbd2 d5 8.
exd5 Nxd5 9. O-O O-O 10. a3 Be7 11. b4 Nb6 12. d5 Bf6 13. Ra2 Nxd5 14. Ne4 Nc3
15. Nxc3 Bxc3 16. Qb3 Bf6 17. Rd2 Qe7 18. Re1 Be6 19. Bxe6 fxe6 20. Rxe6 Qf7
21. Rd7 Ne7 22. Be3 Rad8 23. Ne5 Rxd7 24. Nxf7 Rxf7 25. g4 h6 26. Bxh6 Bh4 27.
Be3 Nd5 28. Re8+ Rf8 29. Rxf8+ Kxf8 30. Bc5+ Ke8 31. Be3 Nf6 32. g5 Nd5 33. Qd3
Nf4 34. Qe4+ 1-0

[Event "Kirchlengern- Nienberge"]
[Site "?"]
[Date "2023.05.07"]
[Round "8.1"]
[White "Mikeladze, Berdia"]
[Black "Gulatz, Maurice"]
[Result "0-1"]
[WhiteElo "2138"]
[BlackElo "2159"]
[PlyCount "91"]
[SourceVersionDate "2023.06.22"]

1. Nf3 d5 2. d4 Nf6 3. c4 e6 4. Nc3 a6 5. cxd5 exd5 6. Bg5 Be6 7. e3 Nbd7 8.
Bd3 Bd6 9. O-O O-O 10. a3 c6 11. b4 h6 12. Bh4 b5 13. Qc2 a5 14. e4 Be7 15. Ne5
Nxe5 16. dxe5 Nxe4 17. Bxe7 Qxe7 18. Bxe4 dxe4 19. Qxe4 Bc4 20. Rfe1 axb4 21.
axb4 Qxb4 22. Rac1 Qc5 23. Qf4 Rfd8 24. Ne4 Qd4 25. Qg3 Kh8 26. Nd6 Be6 27.
Rcd1 Qb4 28. f4 Qb3 29. Rd3 Qb4 30. f5 Bc4 31. Rde3 Bd5 32. h3 Ra2 33. R3e2
Rxe2 34. Rxe2 Qd4+ 35. Kh2 Bc4 36. Re4 Qd5 37. Qh4 Rxd6 38. exd6 Qxd6+ 39. Kh1
Bd5 40. Re8+ Kh7 41. Qf2 b4 42. Kg1 Qf6 43. Re2 b3 44. Rd2 Be4 45. Qe3 Bc2 46.
Qb6 0-1